000 00569nam a22001691a 4500
020 _a9788170209713
082 _a294.592 18
_bHAR/V
245 _aThe Vedic Philosophy or an exposition of the sacred and mysterious monosyllable aum:
_bthe Mandukya Upanishad (text) with English translation,Commentary and an introduction/
_cby Har Narayana (tr.)
260 _aNew Delhi:
_bCosmo,
_c2000.
300 _a128p.
650 _aMandukya Upanishad
650 _aVedic Literature
650 _aHinduism
650 _aReligion
700 _aHar Narayana (tr.)
942 _cBK
999 _c49508
_d49508